| 000 | 02161cam a22004694i 4500 | ||
|---|---|---|---|
| 003 | PE-LiUPU | ||
| 005 | 20250731173402.0 | ||
| 008 | 150706s2001 flu r 000 0 spa d | ||
| 020 | _a0789909820 | ||
| 035 | _a(Sirsi) i9780789909824 | ||
| 040 |
_aPE-LiUPU _bspa _cPE-LiUPU _erda |
||
| 049 | _aPRUA | ||
| 082 | 0 | 4 |
_a254 _bB84 _221 |
| 100 | 1 |
_aBroda, Aldo, _eautor. |
|
| 245 | 1 | 0 |
_aAdministración : _bprincipios gerenciales para líderes cristianos / _cAldo Broda. |
| 264 | 1 |
_aMiami : _bEditorial Unilit , _c2001. |
|
| 300 |
_a355 páginas ; _c21 centímetros |
||
| 336 |
_atext _2rdacontent |
||
| 337 |
_aunmediated _2rdamedia |
||
| 338 |
_avolume _2rdacarrier |
||
| 500 | _aContiene un estudio programado por la Facultad Latinoamerican de Estudios Teológicos. | ||
| 505 | 0 | _aConceptos generales sobre administración -- La iglesia, administradora del plan de Dios -- El plan de Dios requiere pastores y líderes capacitados en administración -- El plan de Dios requiere tareas administrativas de la iglesia -- El plan de Dios requiere una adecuada administración de los recursos espirituales de sus miembros -- El plan de Dios requiere de una correcta administración de los recursos económicos del creyente -- El plan de Dios requiere que el presupuesto de la iglesia sea representativo de una buena administración. | |
| 526 | _aSEG42 | ||
| 526 | _aSEG41 | ||
| 526 | _aSEG40 | ||
| 526 | _aSEG39 | ||
| 526 | _aP94 | ||
| 526 | _aP87 | ||
| 526 | _aP86 | ||
| 526 | _aP85 | ||
| 526 | _aP77 | ||
| 526 | _aP76 | ||
| 526 | _aP35 | ||
| 541 | _g001-0000515; | ||
| 650 | 1 | 4 | _aAdministración eclesiástica. |
| 910 |
_bjv _cng _d20110603 |
||
| 942 |
_2ddc _cBOOK |
||
| 949 |
_a254 B84 _wDEWEY _c1 _i63085 _lCCODEBUL1 _mBUL _p17.00 _r0 _sY _tBOOK _u2015-7-6 _xTEOLOGIA _PP35 _o.STAFF. Colección General |
||
| 994 |
_aC0 _bPEPRU |
||
| 596 | _a1 | ||
| 999 |
_a254 B84 _wDEWEY _c52101 _i63085 _d52101 _e2017-10-26 _f2021-11-10 _g5 _lCCODEBUL1 _mBUL _n4 _p17.00 _r0 _sY _tBOOK _u2015-7-6 _xTEOLOGIA _PP35 _0COMPRA _o.STAFF. Colección Teología |
||
| 980 |
_81 _gALBERTO SANCHEZ Responsable de Automatización |
||